00869nam a2200241Ia 45000010006000000050017000060070003000230080041000260400025000670410008000920820020001001000022001202450068001422500014002102600050002243000019002746530029002936530014003229420012003369520130003489520132004789990017006102735020240114001001.0ta060523s1929 g b000 u 465 u aCotton College,Assam a465 a824.91bSa 48 N aSampson, George . 0aNineteenth Century Essays /cGeorge Sampson.hTextual Documents a1st ed. / aCambridge :bAt The University Press ,c1929. a227p. ;c17cm. aEnglish essays-Criticism aG-English 2ddccBK 001040708Circulation (G)aSKBLbSKBLd2012-02-01f00000l0o824.91 Sa 48 Np205.31r2024-01-14 00:00:00t1w2012-02-01yBK 001040708Circulation (G)aSKBLbSKBLd2012-02-01f00000l0o824.91 Sa 48 Np1843/Newr2024-01-14 00:00:00t2w2012-02-01yBK c27332d27332